Pays/Empire avec le plus de victoire militaire - Statistiques

Statistiques générales
  • Ce quiz a été pris 214 fois
  • Le résultat moyen est 16 sur 27
Statistiques - réponses
Hint Réponse % Correct
1115 France
99%
833 États Unis
96%
425 Allemagne
91%
244 Chine
89%
491 Russie
89%
387 Espagne
88%
183 Japon
88%
132 Italie
85%
103 Portugal
78%
93 Inde
71%
210 Turquie
70%
89 Grèce
67%
82 Canada
65%
344 Pologne
63%
102 Iran
62%
165 Suede
61%
209 Autriche
59%
137 Australie
54%
92 Mongolie
53%
114 Pays Bas
52%
259 Rome
38%
1105 Royaume unis
36%
135 Prusse
20%
107 Empire byzantin
4%
108 Califat islamique
1%
128 état confédérés
1%
90 Royaliste Français
1%
Aucun quiz correspondant
Distribution des résultats
% des personnes avec chaque résultat
Percentile par nombre de réponses
Votre historique - résultats
Vous n’avez pas pris ce quiz